| 000 | 00000cam 2200000zi 4500 |
| 001 | 9.960277 |
| 003 | CaOODSP |
| 005 | 20260511154453 |
| 006 | m o d f |
| 007 | cr cn||||||||| |
| 008 | 260224t20262026oncad ob f000 0 fre d |
| 020 | |a9780660986036 |
| 040 | |aCaOODSP|bfre|erda|cCaOODSP |
| 043 | |an-cn--- |
| 086 | 1 |aFA1-26/2026-1-3F-PDF |
| 110 | 1 |aCanada. |bCommissaire à l'environnement et au développement durable, |eauteur, |eorganisme de publication. |
| 245 | 10|aRésilience aux changements climatiques des actifs et services fédéraux : |brapport de l'auditeur indépendant. |
| 264 | 1|a[Ottawa] : |bBureau du vérificateur général du Canada = Office of the Auditor General of Canada, |c2026. |
| 264 | 4|c©2026 |
| 300 | |a1 ressource en ligne (v, 42 pages) : |billustrations, graphiques. |
| 336 | |atexte|btxt|2rdacontent/fre |
| 337 | |ainformatique|bc|2rdamedia/fre |
| 338 | |aressource en ligne|bcr|2rdacarrier/fre |
| 490 | 1 |aRapport du commissaire à l'environnement et au développement durable au Parlement du Canada au nom de la vérificatrice générale du Canada, |x2561-1828 |
| 500 | |aPublié aussi en anglais sous le titre : Climate resilience of federal assets and services : independent auditor's report. |
| 500 | |aTitre de la couverture. |
| 504 | |aComprend des références bibliographiques. |
| 520 | |a« Cet audit visait à déterminer si le Secrétariat du Conseil du Trésor du Canada avait mené la Stratégie pour un gouvernement vert de manière à améliorer la résilience climatique des actifs, des services et des activités du gouvernement du fédéral et si les ministères sélectionnés avaient évalué les risques liés aux changements climatiques et mis en Ĺ“uvre des mesures pour améliorer de manière proactive la résilience climatique de leurs actifs, services et activités » -- Objet de l’audit, page7. |
| 610 | 16|aCanada. |bConseil du trésor|xAudit. |
| 610 | 16|aCanada. |bMinistère de la défense nationale|xAudit. |
| 610 | 16|aCanada. |bServices publics et approvisionnement Canada|xAudit. |
| 610 | 16|aCanada. |bMinistère des pêches et des océans|xAudit. |
| 650 | 6|aAdaptation aux changements climatiques|xPolitique gouvernementale|zCanada|xAudit. |
| 775 | 08|tClimate resilience of federal assets and services : |w(CaOODSP)9.960276 |
| 830 | #0|aRapports de la commissaire à l'environnement et au développement durable au Parlement du Canada.|w(CaOODSP)9.842752 |
| 856 | 40|qPDF|s2.80 Mo|uhttps://publications.gc.ca/collections/collection_2026/bvg-oag/FA1-26-2026-1-3-fra.pdf |
| 856 | 4 |qHTML|sS.O.|uhttps://www.canada.ca/fr/verificateur-general/notre-travail/rapports-daudit/commissaire-environnement-developpement-durable-202605-resilience-changements-climatiques-actifs-services-federaux.html |